| 000 | 01447cem a2200397 4500 | ||
|---|---|---|---|
| 001 | 272051 | ||
| 003 | OSt | ||
| 005 | 20230627112816.0 | ||
| 007 | ad canzn | ||
| 008 | 920612s1993 nyu e eng | ||
| 010 | _a 92022290 | ||
| 020 | _a0791018040 | ||
| 034 | 1 |
_aa _b25000000 |
|
| 040 |
_aDLC _cDLC _dDLC |
||
| 050 | 0 | 0 |
_aG1046.J1 _bA35 1993 |
| 052 | _a3201 | ||
| 082 | 0 | 0 |
_a333.7 _220 _bAGR |
| 100 | _cEdward Madigan | ||
| 245 | 0 | 0 | _aAgriculture and the Environment |
| 255 | _aScale [ca. 1:25,000,000]. | ||
| 260 |
_aNew York : _bChelsea House Publishers, _cc1993. |
||
| 300 |
_a1 atlas (47 p.) : _bcol. ill., col. maps ; _c32 cm. |
||
| 440 | 0 | _aUsing and understanding maps | |
| 500 | _aIncludes glossary and index. | ||
| 504 | _aIncludes bibliography: p. 43. | ||
| 520 | _aEighteen map spreads show the world's vegetation, both natural and cultivated. | ||
| 650 | 1 |
_aPlant distribution _vMaps. |
|
| 650 | 1 |
_aAgriculture _vMaps. |
|
| 655 | 7 |
_aWorld atlases _2lcgft |
|
| 655 | 7 |
_aChildren's maps. _2lcgft |
|
| 700 | 1 | _aMorris, Scott Edward. | |
| 710 | 2 | _aChelsea House Publishers. | |
| 906 |
_a7 _bcbc _corignew _d1 _eocip _f19 _gy-geogmaps |
||
| 942 |
_2ddc _cBK |
||
| 999 |
_c2835 _d2835 |
||